[Event "Open A"]
[Site "?"]
[Date "2008.08.29"]
[Round "8.9"]
[White "Taborsky, R."]
[Black "Sokol, R."]
[Result "1/2-1/2"]
[WhiteElo "2282"]
[BlackElo "1979"]
[PlyCount "43"]
[EventDate "2008.08.22"]
[SourceDate "2008.08.29"]

1. d4 Nf6 2. c4 e6 3. g3 d5 4. Bg2 c6 5. Nf3 Nbd7 6. Qc2 Be7 7. O-O O-O 8. Rd1
b6 9. b3 Bb7 10. Nc3 Rc8 11. e4 dxe4 12. Nxe4 c5 13. Nxf6+ Bxf6 14. Ng5 Bxg5
15. Bxb7 Rc7 16. dxc5 Bxc1 17. Raxc1 Rxb7 18. c6 Rc7 19. cxd7 Rxd7 20. Rxd7
Qxd7 21. Rd1 Qc7 22. Qd3 1/2-1/2

[Event "OPEN A"]
[Site "?"]
[Date "2008.08.29"]
[Round "8.11"]
[White "Kozak, M."]
[Black "Skacel, J."]
[Result "1/2-1/2"]
[WhiteElo "2209"]
[BlackElo "2062"]
[PlyCount "38"]
[EventDate "2008.08.23"]
[SourceDate "2008.08.29"]

1. d4 Nf6 2. c4 g6 3. Nc3 Bg7 4. e4 d6 5. Nf3 O-O 6. Be2 e5 7. Be3 exd4 8. Nxd4
Nc6 9. O-O Re8 10. f3 Nd7 11. Qd2 Nf8 12. Rad1 Ne6 13. Nc2 a5 14. b3 Qf6 15.
Nd5 Qd8 16. Kh1 Ne7 17. Qe1 b6 18. Bf2 Nc6 19. Bg3 Bb7 1/2-1/2

[Event "Open A"]
[Site "?"]
[Date "2008.08.29"]
[Round "8.12"]
[White "Cerny, M."]
[Black "Framberk, J."]
[Result "0-1"]
[WhiteElo "2203"]
[BlackElo "2054"]
[PlyCount "49"]
[EventDate "2008.08.22"]
[SourceDate "2008.08.29"]

1. d4 Nf6 2. c4 e5 3. dxe5 Ng4 4. Bf4 Bb4+ 5. Nd2 d6 6. a3 dxe5 7. Bg3 Bxd2+ 8.
Qxd2 Qxd2+ 9. Kxd2 Nc6 10. f3 Nf6 11. e3 Be6 12. Kc3 O-O-O 13. Bd3 h5 14. Bh4
e4 15. Bc2 Ne5 16. b3 exf3 17. Nxf3 Ng6 18. Bg5 Rd7 19. Rad1 Ng4 20. Rxd7 Bxd7
21. h3 N4e5 22. Nxe5 Nxe5 23. Rf1 f6 24. Bf4 Be6 25. Be4 0-1

[Event "OPEN A"]
[Site "?"]
[Date "2008.08.29"]
[Round "8.13"]
[White "Siktanc"]
[Black "Lizner, M."]
[Result "1/2-1/2"]
[WhiteElo "2197"]
[BlackElo "2056"]
[PlyCount "22"]
[EventDate "2008.08.23"]
[SourceDate "2008.08.29"]

1. d4 f5 2. Nc3 d5 3. Bg5 Nf6 4. Bxf6 exf6 5. e3 c6 6. Qf3 Be6 7. Bd3 g6 8. h3
h5 9. Nce2 Nd7 10. O-O-O Rg8 11. Nf4 Bf7 1/2-1/2

[Event "Open A"]
[Site "?"]
[Date "2008.08.29"]
[Round "8.15"]
[White "Fojtu, P."]
[Black "Musil, V."]
[Result "1-0"]
[WhiteElo "2176"]
[BlackElo "2039"]
[PlyCount "43"]
[EventDate "2008.08.22"]
[SourceDate "2008.08.29"]

1. d4 Nf6 2. c4 g6 3. g3 Bg7 4. Bg2 O-O 5. Nc3 d6 6. Nf3 c5 7. d5 Bf5 8. Nh4
Bd7 9. e4 Qc8 10. h3 Na6 11. Be3 Nc7 12. g4 b5 13. e5 dxe5 14. d6 exd6 15. Qxd6
Nfe8 16. Qxc5 Ne6 17. Qd5 Nd4 18. Qxa8 Qxa8 19. Bxa8 Nc2+ 20. Kd2 Nxa1 21. Rxa1
Nd6 22. Bd5 1-0

[Event "Open A"]
[Site "?"]
[Date "2008.08.29"]
[Round "8.17"]
[White "Ruzicka, Z."]
[Black "Dvorak, M."]
[Result "1-0"]
[WhiteElo "2107"]
[BlackElo "2001"]
[PlyCount "77"]
[EventDate "2008.08.22"]
[SourceDate "2008.08.29"]

1. c4 c6 2. Nf3 Nf6 3. b3 d5 4. Bb2 Bf5 5. d3 e6 6. Nbd2 h6 7. g3 Be7 8. Bg2 a5
9. a3 O-O 10. O-O Na6 11. Qc2 Qb6 12. h3 Rfd8 13. Rab1 Qa7 14. g4 Bh7 15. g5
hxg5 16. Nxg5 Bg6 17. Ndf3 Nd7 18. h4 Nc7 19. Bh3 Ne8 20. Kg2 Nef6 21. Rg1 Bc5
22. Rbf1 Nh5 23. Qc1 Bd6 24. Kh1 Nf4 25. h5 Bxh5 26. Bxg7 Nxe2 27. Qd2 Nxg1 28.
Rxg1 Qb8 29. Nh4 Bf4 30. Qb2 e5 31. Bxd7 Rxd7 32. Bxe5 Bxe5 33. Ngf3+ Kh7 34.
Nxe5 Qh8 35. d4 Rd6 36. Nxf7 Qf6 37. Qb1+ Bg6 38. Nxg6 Kg7 39. Nxd6 1-0

[Event "?"]
[Site "?"]
[Date "2008.??.??"]
[Round "8.18"]
[White "Hronik, P."]
[Black "Pavlicek, P."]
[Result "1-0"]
[WhiteElo "1954"]
[BlackElo "2086"]
[PlyCount "49"]
[EventDate "2008.??.??"]

1. d4 Nf6 2. Nf3 g6 3. Bg5 Bg7 4. h4 O-O 5. Bxf6 Bxf6 6. h5 d5 7. hxg6 hxg6 8.
e3 Kg7 9. Nbd2 Rh8 10. Rxh8 Qxh8 11. c3 Nd7 12. Qb3 e6 13. O-O-O a6 14. e4 c6
15. e5 Be7 16. g3 b5 17. Bg2 Qd8 18. Rh1 Qa5 19. a3 Nb6 20. Qc2 Nc4 21. Nxc4
bxc4 22. Qd2 f5 23. Qh6+ Kf7 24. Qh8 Bf8 25. Qh7+ 1-0

[Event "Open A"]
[Site "?"]
[Date "2008.??.??"]
[Round "8.19"]
[White "Skala, J."]
[Black "Straka, V."]
[Result "1/2-1/2"]
[WhiteElo "2084"]
[BlackElo "1978"]
[PlyCount "32"]
[EventDate "2008.??.??"]

1. d4 d5 2. Nf3 Nf6 3. c3 Bf5 4. Bf4 Nbd7 5. e3 e6 6. Be2 h6 7. h3 Be7 8. O-O
O-O 9. a3 a6 10. c4 c5 11. Nc3 dxc4 12. Bxc4 Nb6 13. Ba2 Nbd5 14. Nxd5 Nxd5 15.
Bh2 cxd4 16. Nxd4 Bg6 $11 1/2-1/2

[Event "Open A"]
[Site "?"]
[Date "2008.??.??"]
[Round "8.20"]
[White "Krasnay, P."]
[Black "Prochazka, P."]
[Result "1/2-1/2"]
[WhiteElo "2117"]
[BlackElo "1994"]
[PlyCount "44"]
[EventDate "2008.??.??"]

1. e4 d5 2. exd5 Nf6 3. Nc3 Nxd5 4. Bc4 Nb6 5. Bb3 Nc6 6. Qf3 e6 7. Nge2 Be7 8.
d3 O-O 9. Bd2 Na5 10. Nd5 exd5 11. Bxa5 c6 12. O-O-O Bf6 13. d4 Qd7 14. Ng3 Qg4
15. Qxg4 Bxg4 16. f3 Bd7 17. Rhe1 Rfe8 18. c3 Bg5+ 19. Kb1 Bf4 20. Bxb6 axb6
21. Bc2 g6 22. Bd3 Bxg3 1/2-1/2

[Event "OPEN A"]
[Site "?"]
[Date "2008.08.29"]
[Round "8.22"]
[White "Fikr, L."]
[Black "Moravec, V."]
[Result "1/2-1/2"]
[WhiteElo "2037"]
[BlackElo "1966"]
[PlyCount "78"]
[EventDate "2008.08.23"]
[SourceDate "2008.08.29"]

1. c4 e5 2. Nc3 f5 3. d4 exd4 4. Qxd4 Nc6 5. Qd1 Nf6 6. g3 Bb4 7. Bd2 O-O 8.
Bg2 d6 9. Nd5 Bxd2+ 10. Qxd2 Be6 11. Nh3 Ne5 12. b3 c6 13. Ng5 Bxd5 14. cxd5
Qd7 15. Ne6 Rfe8 16. O-O Nxd5 17. Bxd5 cxd5 18. Nf4 Rad8 19. Rac1 Nc6 20. Qxd5+
Qf7 21. e3 g5 22. Qxf7+ Kxf7 23. Nd5 Re5 24. Rfd1 Ke6 25. Nc7+ Kd7 26. Nd5 Ke6
27. Nc3 Rc5 28. Na4 Rxc1 29. Rxc1 Ne7 30. Kf1 Rc8 31. Rxc8 Nxc8 32. Ke2 Ne7 33.
Nc3 g4 34. e4 Ke5 35. exf5 Nxf5 36. Kd3 Nd4 37. Ne4 Nf3 38. Ke3 b6 39. Nc3 d5
1/2-1/2

[Event "Open A"]
[Site "?"]
[Date "2008.??.??"]
[Round "8.23"]
[White "Tejkal, J."]
[Black "Vesecky, M."]
[Result "0-1"]
[WhiteElo "2015"]
[BlackElo "1957"]
[PlyCount "54"]
[EventDate "2008.??.??"]

1. d4 Nf6 2. Nf3 c5 3. d5 d6 4. c4 e6 5. Nc3 exd5 6. cxd5 g6 7. e4 Bg7 8. Be2
O-O 9. Nd2 a6 10. a4 b6 11. O-O Qc7 12. Nc4 Nbd7 13. f4 Re8 14. Qc2 Rb8 15. Na3
Nf8 16. h3 Bb7 17. Kh1 Re7 18. Bf3 Qd7 19. Bd2 Ba8 20. Rad1 b5 21. axb5 axb5
22. Ne2 Rbe8 23. Ng3 b4 24. Nc4 h5 25. e5 dxe5 26. d6 Bxf3 27. dxe7 Qxh3+ 0-1

[Event "Open A"]
[Site "?"]
[Date "2008.08.29"]
[Round "8.24"]
[White "Havelka, P."]
[Black "Pataridis, J."]
[Result "1/2-1/2"]
[WhiteElo "1957"]
[BlackElo "2000"]
[PlyCount "98"]
[EventDate "2008.08.22"]
[SourceDate "2008.08.29"]

1. d4 Nf6 2. c4 g6 3. Nc3 Bg7 4. e4 d6 5. Nf3 O-O 6. Be2 Nbd7 7. O-O e5 8. dxe5
dxe5 9. Bg5 h6 10. Bh4 c6 11. Qc2 Re8 12. Rad1 Qc7 13. b4 Nf8 14. Nd2 g5 15.
Bg3 Ng6 16. a3 Nf4 17. Nb3 Qe7 18. f3 Qe6 19. Nc5 Qe7 20. Nb3 Bf8 21. Bf2 b6
22. c5 Qb7 23. Bc4 Be6 24. Bxe6 Nxe6 25. g3 Rad8 26. Kg2 Qc7 27. Na4 b5 28. Nc3
Rd7 29. Rxd7 Nxd7 30. Rd1 Rd8 31. Ne2 Nb8 32. Rd3 Be7 33. Qd2 Rxd3 34. Qxd3 Qd8
35. Nec1 f6 36. Be1 Qxd3 37. Nxd3 Bd8 38. Bc3 Kf7 39. Kf2 Bc7 40. g4 Kg6 41.
Ke2 Nd7 42. Nd2 h5 43. h3 Kh6 44. Nf1 Nf4+ 45. Nxf4 gxf4 46. Nd2 Nf8 47. Nb3
Kg5 48. Be1 Ng6 49. Kf1 Nf8 1/2-1/2

[Event "Open A"]
[Site "?"]
[Date "2008.08.29"]
[Round "8.25"]
[White "Schmalz, M."]
[Black "Bernath, S."]
[Result "0-1"]
[WhiteElo "1993"]
[BlackElo "1952"]
[Annotator "Øeøábek,Jaroslav"]
[PlyCount "62"]
[EventDate "2008.08.22"]
[SourceDate "2008.08.29"]

1. e4 c5 2. Nf3 e6 3. d4 cxd4 4. Nxd4 a6 5. c4 Nf6 6. Nc3 Qc7 7. a3 b6 8. Be3
Bb7 9. f3 Be7 10. Be2 d6 11. O-O Nbd7 12. Rc1 Rc8 13. b4 O-O 14. Nb3 Qb8 15.
Qe1 d5 16. exd5 exd5 17. cxd5 Nxd5 18. Nxd5 Bxd5 19. Qd2 Nf6 20. Nd4 Bb7 21.
Nf5 Bd8 22. Bc4 b5 23. Bb3 Rxc1 24. Rxc1 Bc7 25. h3 Re8 26. Bg5 Nh5 27. Qd7
Bb6+ 28. Kh1 Rf8 29. Nd6 Ng3+ 30. Kh2 Nh5 31. Bxf7+ Kh8 {Dale necitelne} 0-1

[Event "OPEN A"]
[Site "?"]
[Date "2008.08.29"]
[Round "8.26"]
[White "Cervenka, P."]
[Black "Vitous, M."]
[Result "1/2-1/2"]
[WhiteElo "1985"]
[BlackElo "1910"]
[PlyCount "62"]
[EventDate "2008.08.23"]
[SourceDate "2008.08.29"]

1. e4 c5 2. Nc3 Nc6 3. g3 e5 4. Bg2 g6 5. d3 d6 6. Nd5 Bg7 7. Ne2 Be6 8. Nec3
f6 9. f4 Nge7 10. O-O Nd4 11. fxe5 dxe5 12. Nxf6+ Bxf6 13. Rxf6 Qd7 14. Ne2 Bg4
15. Bf1 O-O-O 16. Be3 Rhf8 17. Rxf8 Rxf8 18. Bxd4 cxd4 19. Qd2 Nc6 20. Bg2 Rf6
21. Rf1 Qf7 22. Nc1 Rxf1+ 23. Bxf1 Kc7 24. c3 Kb8 25. Qg5 dxc3 26. bxc3 Be6 27.
d4 Bc4 28. Bh3 Qf3 29. d5 Qd1+ 30. Kf2 Qc2+ 31. Kf3 Qd1+ 1/2-1/2

[Event "Open A"]
[Site "?"]
[Date "2008.??.??"]
[Round "8.27"]
[White "Hlavnicka, J."]
[Black "Hadzala, D."]
[Result "0-1"]
[WhiteElo "1954"]
[BlackElo "2099"]
[PlyCount "68"]
[EventDate "2008.??.??"]

1. e4 e6 2. d4 d5 3. Nd2 Nf6 4. e5 Nfd7 5. c3 c5 6. Ndf3 Nc6 7. Bd3 cxd4 8.
cxd4 Be7 9. Ne2 Nb6 10. O-O Bd7 11. a3 a5 12. b3 Rc8 13. Bb2 a4 14. b4 Na7 15.
Nc3 O-O 16. h3 Qe8 17. Qe2 Nc4 18. Bc1 Nxe5 19. dxe5 Rxc3 20. Rd1 Bb5 21. Nd4
Rxd3 22. Rxd3 Bxd3 23. Qxd3 Qd7 24. Qg3 Rc8 25. Bh6 Bf8 26. Ne2 Nc6 27. Re1
Nxe5 28. Qxe5 gxh6 29. Nf4 Qc7 30. Qf6 Bg7 31. Qh4 Qd8 32. Qg3 Qg5 33. Qf3 Rc3
34. Re3 d4 0-1

[Event "OPEN A"]
[Site "?"]
[Date "2008.08.29"]
[Round "8.28"]
[White "Stepanek, S."]
[Black "Macek, K."]
[Result "1/2-1/2"]
[WhiteElo "2044"]
[BlackElo "1959"]
[PlyCount "48"]
[EventDate "2008.08.23"]
[SourceDate "2008.08.29"]

1. d4 Nf6 2. c4 e6 3. Nf3 b6 4. g3 Bb7 5. Bg2 Bb4+ 6. Bd2 Bxd2+ 7. Nbxd2 O-O 8.
O-O c5 9. dxc5 bxc5 10. Nb3 Qb6 11. Rc1 Na6 12. Qd2 Nb4 13. a3 Na2 14. Nxc5
Nxc1 15. Nxb7 Nxe2+ 16. Qxe2 Qxb7 17. Ne5 d5 18. b4 Qa6 19. Qb2 dxc4 20. Bxa8
Rxa8 21. Rc1 Rc8 22. Qd4 h6 23. Rxc4 Rxc4 24. Nxc4 Nd5 1/2-1/2

[Event "Open A"]
[Site "?"]
[Date "2008.08.29"]
[Round "8.29"]
[White "Horyna, J."]
[Black "Boucek"]
[Result "0-1"]
[WhiteElo "1941"]
[BlackElo "2017"]
[PlyCount "86"]
[EventDate "2008.08.22"]
[SourceDate "2008.08.29"]

1. e4 Nf6 2. Nc3 e6 3. Nf3 d5 4. exd5 exd5 5. d4 h6 6. h3 Bd6 7. Bd3 O-O 8. O-O
c6 9. Re1 Be6 10. Be3 Re8 11. a3 b6 12. Qd2 a6 13. Rad1 c5 14. Bf4 c4 15. Bf1
b5 16. Bxd6 Qxd6 17. Ne2 Nc6 18. Qf4 Qf8 19. c3 a5 20. Ne5 Ne7 21. Ng3 Reb8 22.
Qd2 Rb6 23. f4 Qc8 24. Qf2 Nf5 25. Nxf5 Bxf5 26. g4 Be4 27. Re3 Ne8 28. f5 Nd6
29. Ra1 Qd8 30. h4 Rc8 31. Rh3 b4 32. axb4 axb4 33. Ra7 Rc7 34. Rxc7 Qxc7 35.
f6 bxc3 36. bxc3 Rb1 37. fxg7 Kxg7 38. g5 Qe7 39. Re3 Qe6 40. gxh6+ Kh7 41. Kh2
Qf5 42. Qg3 Kxh6 43. Bg2 Rb2 0-1

[Event "OPEN A"]
[Site "?"]
[Date "2008.08.29"]
[Round "8.25"]
[White "Skokan, F."]
[Black "Koper, S."]
[Result "1-0"]
[WhiteElo "1747"]
[BlackElo "2007"]
[PlyCount "81"]
[EventDate "2008.08.23"]
[SourceDate "2008.08.29"]

1. e4 c6 2. c4 g6 3. d4 Bg7 4. Nf3 d5 5. cxd5 cxd5 6. Nc3 dxe4 7. Nxe4 Nc6 8.
d5 Ne5 9. Nxe5 Bxe5 10. Qb3 h6 11. Bb5+ Kf8 12. O-O f5 13. Nc3 Nf6 14. Rd1 a6
15. Be2 b5 16. Be3 Qd6 17. h3 h5 18. Rac1 Bb7 19. Bf3 Rd8 20. a3 Ng4 21. hxg4
hxg4 22. Bxg4 Bxc3 23. Qxc3 Qh2+ 24. Kf1 fxg4 25. Bf4 Qh1+ 26. Ke2 Qh5 27. Qc7
g3+ 28. f3 Rxd5 29. Qxb7 Rxd1 30. Rxd1 Kf7 31. Qd5+ Qxd5 32. Rxd5 Rh2 33. Bxg3
Rxg2+ 34. Bf2 Rh2 35. a4 Ke6 36. Rg5 Kf6 37. Rc5 bxa4 38. Ra5 Rh5 39. Rxa6+ Kf5
40. Rxa4 e5 41. b4 1-0

[Event "OPEN A"]
[Site "?"]
[Date "2008.08.29"]
[Round "8.31"]
[White "Lacha, J."]
[Black "Zvara, D."]
[Result "1/2-1/2"]
[WhiteElo "1979"]
[BlackElo "1802"]
[PlyCount "76"]
[EventDate "2008.08.23"]
[SourceDate "2008.08.29"]

1. e4 e5 2. Nf3 Nf6 3. Nxe5 d6 4. Nf3 Nxe4 5. d3 Nf6 6. d4 d5 7. Bd3 Bd6 8. O-O
O-O 9. Bg5 Bg4 10. Nbd2 c6 11. c3 h6 12. Bh4 Qc7 13. Qc2 Nbd7 14. Bg3 Bxg3 15.
hxg3 Rfe8 16. Rfe1 b6 17. Nh2 Bh5 18. Bf5 Nf8 19. g4 Bg6 20. g3 Bxf5 21. Qxf5
Qd7 22. Qxd7 N8xd7 23. f4 c5 24. Kf2 Rac8 25. Rxe8+ Rxe8 26. Re1 Rc8 27. g5
hxg5 28. fxg5 Nh7 29. Re7 Nhf8 30. dxc5 bxc5 31. b3 Rd8 32. Nhf3 g6 33. c4 d4
34. Ne4 a5 35. Nd6 a4 36. Nxf7 axb3 37. Nh6+ Kh8 38. Nf7+ Kg8 1/2-1/2

[Event "Open A"]
[Site "?"]
[Date "2008.??.??"]
[Round "8.32"]
[White "Havrlik, P."]
[Black "Zdenek, P."]
[Result "0-1"]
[WhiteElo "1965"]
[BlackElo "1775"]
[PlyCount "46"]
[EventDate "2008.??.??"]

1. c4 e6 2. d4 Nf6 3. Nc3 Bb4 4. Qd3 d5 5. Bg5 Bxc3+ 6. Qxc3 Nbd7 7. cxd5 exd5
8. Qe3+ Qe7 9. Qxe7+ Kxe7 10. Rc1 c6 11. f3 h6 12. Bh4 g5 13. Bf2 Nb6 14. g4 h5
15. Be3 hxg4 16. Bxg5 Bf5 17. fxg4 Bxg4 18. h4 Nbd7 19. Bh3 Kf8 20. Bxg4 Nxg4
21. Nf3 f6 22. Bf4 Kf7 23. Rg1 Rag8 0-1

[Event "Open A"]
[Site "?"]
[Date "2008.08.29"]
[Round "8.33"]
[White "Vorackova, J."]
[Black "Kaiser, R."]
[Result "1/2-1/2"]
[WhiteElo "1905"]
[BlackElo "1960"]
[PlyCount "84"]
[EventDate "2008.??.??"]

1. d4 e5 2. dxe5 Nc6 3. Nf3 Qe7 4. Nc3 Nxe5 5. Nxe5 Qxe5 6. g3 Bb4 7. Bd2 Nf6
8. Bg2 c6 9. O-O d5 10. a3 Ba5 11. b4 Bb6 12. e4 Bg4 13. Bf3 Bxf3 14. Qxf3 dxe4
15. Nxe4 Nxe4 16. Rae1 O-O 17. Rxe4 Qd5 18. Bc3 f5 19. Rf4 Qxf3 20. Rxf3 Rad8
21. Re1 Rd7 22. Re2 g6 23. Rd2 Rfd8 24. Rxd7 Rxd7 25. Kf1 Rd5 26. Ke2 Kf7 27.
Bb2 Ke6 28. c4 Rd7 29. h3 Bd4 30. Bxd4 Rxd4 31. Re3+ Kf6 32. c5 Re4 33. f4 Ke6
34. Rxe4+ fxe4 35. Ke3 Kd5 36. g4 b6 37. cxb6 axb6 38. f5 gxf5 39. gxf5 Ke5 40.
f6 Kxf6 41. Kxe4 b5 42. Kd4 Ke6 1/2-1/2

[Event "Open A"]
[Site "?"]
[Date "2008.??.??"]
[Round "8.34"]
[White "Hlina, M."]
[Black "Berg, A."]
[Result "0-1"]
[WhiteElo "1783"]
[BlackElo "1904"]
[PlyCount "72"]
[EventDate "2008.??.??"]

1. d4 d5 2. Nf3 e6 3. Nbd2 Nf6 4. e3 c5 5. c3 Nbd7 6. Bd3 Be7 7. O-O O-O 8. Re1
b6 9. b3 Bb7 10. Bb2 Qc7 11. e4 dxe4 12. Nxe4 Nxe4 13. Bxe4 cxd4 14. Nxd4 Bxe4
15. Rxe4 Bf6 16. Nf3 Nc5 17. Re3 b5 18. Qe2 a6 19. Ba3 Rfd8 20. Rc1 Qb6 21. Rc2
a5 22. c4 b4 23. Bb2 Bxb2 24. Rxb2 Rd6 25. Rd2 Rad8 26. h3 f6 27. g3 e5 28.
Rxd6 Qxd6 29. Ne1 e4 30. Kg2 f5 31. Qh5 Qf6 32. h4 Ne6 33. Qe2 g5 34. Qh5 h6
35. hxg5 Qxg5 36. g4 Nf4+ 0-1

[Event "Open A"]
[Site "?"]
[Date "2008.??.??"]
[Round "8.36"]
[White "Hadrava, J."]
[Black "Urban, M."]
[Result "1/2-1/2"]
[WhiteElo "2011"]
[BlackElo "1875"]
[PlyCount "23"]
[EventDate "2008.??.??"]

1. e4 e5 2. Nc3 Nf6 3. f4 d5 4. fxe5 Nxe4 5. d3 Bb4 6. dxe4 Qh4+ 7. Ke2 Bxc3 8.
bxc3 Bg4+ 9. Nf3 dxe4 10. Qd4 Bh5 11. Ke3 Bxf3 12. gxf3 1/2-1/2

[Event "OPEN A"]
[Site "?"]
[Date "2008.08.29"]
[Round "8.37"]
[White "Adamik, F."]
[Black "Muzikar, M."]
[Result "0-1"]
[WhiteElo "1921"]
[BlackElo "1831"]
[PlyCount "52"]
[EventDate "2008.08.23"]
[SourceDate "2008.08.29"]

1. c4 Nf6 2. Nc3 c5 3. e4 d6 4. Bd3 Nc6 5. b3 g6 6. f3 Bg7 7. Nge2 O-O 8. g4
Ne5 9. Bc2 Nxf3+ 10. Kf2 Bxg4 11. h3 Bh5 12. Qf1 Nd4 13. Bd1 Bxe2 14. Bxe2
Nxe4+ 15. Kg2 Nxc3 16. dxc3 Nxe2 17. Qxe2 Bxc3 18. Rb1 d5 19. Bh6 Bg7 20. Qe3
b6 21. h4 d4 22. Qd2 Re8 23. h5 Qd7 24. Rh3 Qg4+ 25. Rg3 Qe4+ 26. Kh3 Qxb1 0-1

[Event "Open A"]
[Site "?"]
[Date "2008.08.29"]
[Round "8.38"]
[White "Halla, J."]
[Black "Rutter, L."]
[Result "1-0"]
[WhiteElo "1834"]
[BlackElo "1897"]
[PlyCount "47"]
[EventDate "2008.08.22"]
[SourceDate "2008.08.29"]

1. b3 e5 2. Bb2 Nc6 3. e3 d5 4. Bb5 Bd6 5. f4 Qe7 6. Nf3 f6 7. Nc3 Qf7 8. fxe5
fxe5 9. O-O Nf6 10. Qe1 Bd7 11. e4 O-O-O 12. exd5 Nd4 13. Bxd7+ Rxd7 14. Nxd4
exd4 15. Nb5 Qxd5 16. Nxd6+ Qxd6 17. Qf2 Re8 18. Rae1 Red8 19. Qf3 h5 20. Qf4
Qc5 21. Qf5 Qb6 22. d3 Kb8 23. h3 Nd5 24. Qxd7 1-0

[Event "OPEN A"]
[Site "?"]
[Date "2008.08.29"]
[Round "8.39"]
[White "Hajek, J."]
[Black "Hampel, R."]
[Result "1/2-1/2"]
[WhiteElo "1713"]
[BlackElo "1826"]
[PlyCount "83"]
[EventDate "2008.08.23"]
[SourceDate "2008.08.29"]

1. e4 c5 2. Nc3 Nc6 3. Nf3 Nf6 4. Bb5 e6 5. O-O a6 6. Bxc6 bxc6 7. e5 Nd5 8.
Ne4 Qc7 9. d3 Be7 10. c4 Nb6 11. Be3 O-O 12. Bxc5 Bxc5 13. Nxc5 d6 14. exd6
Qxd6 15. Ne4 Qe7 16. c5 Nd5 17. Qa4 Bd7 18. Nd6 Rfb8 19. Qc2 Rb4 20. a3 Rf4 21.
Qd2 e5 22. Rfe1 f6 23. Re4 Bg4 24. Rxf4 Nxf4 25. Re1 Bxf3 26. Qxf4 Qxd6 27.
cxd6 exf4 28. gxf3 Rd8 29. Re6 Kf7 30. Re7+ Kf8 31. Ra7 Rxd6 32. Rxa6 Rxd3 33.
Rxc6 Rb3 34. Rc8+ Kf7 35. Ra8 Rxb2 36. a4 h5 37. a5 h4 38. h3 Ke6 39. a6 Ra2
40. a7 Kf7 41. Kg2 f5 42. Kf1 1/2-1/2

[Event "OPEN A"]
[Site "?"]
[Date "2008.08.29"]
[Round "8.40"]
[White "Lexa, V."]
[Black "Kyselka, D."]
[Result "1-0"]
[WhiteElo "1937"]
[BlackElo "1802"]
[PlyCount "61"]
[EventDate "2008.08.23"]
[SourceDate "2008.08.29"]

1. d4 Nf6 2. c4 e6 3. Nc3 c5 4. d5 exd5 5. cxd5 d6 6. e4 g6 7. Be2 Bg7 8. Nf3
O-O 9. O-O Re8 10. Qc2 Nbd7 11. h3 Ne5 12. Nxe5 Rxe5 13. Bf4 Re8 14. Rad1 a6
15. a4 Qe7 16. Rfe1 Nd7 17. Bh2 g5 18. f4 gxf4 19. Bxf4 Ne5 20. Qd2 Qf6 21. Bf1
Qg6 22. Re3 Qf6 23. Rg3 Ng6 24. Be3 Qe5 25. Rg5 Qe7 26. Qf2 Bd7 27. Be2 Rab8
28. Rf1 b5 29. axb5 axb5 30. h4 b4 31. Nd1 1-0

[Event "Open A"]
[Site "?"]
[Date "2008.??.??"]
[Round "8.41"]
[White "Zima"]
[Black "Pospisil"]
[Result "0-1"]
[WhiteElo "1822"]
[BlackElo "1707"]
[PlyCount "142"]
[EventDate "2008.??.??"]

1. c4 c6 2. Nc3 d5 3. b3 e6 4. g3 Nf6 5. Bg2 Be7 6. f4 Nbd7 7. Nh3 b6 8. O-O
Bb7 9. Kh1 Qc7 10. Qc2 d4 11. Ne4 c5 12. d3 h5 13. Nhf2 Nh7 14. Ng5 Nxg5 15.
fxg5 O-O-O 16. Bf4 e5 17. Bd2 f5 18. h4 Rhf8 19. Kg1 g6 20. a3 f4 21. Ne4 fxg3
22. b4 Qc6 23. Bh3 Kb8 $11 24. b5 Qc7 25. a4 Rxf1+ 26. Rxf1 Rf8 27. Rf3 Rxf3
28. exf3 Nf8 29. Kg2 Bc8 30. Kxg3 Bxh3 $11 31. Kxh3 Ne6 32. Bc1 Ng7 33. Qf2
Qd7+ 34. Kg2 Nf5 35. Kf1 Kc8 36. Qh2 Qe6 37. Kf2 Kd7 38. Qh3 Nd6 39. Qxe6+ Kxe6
40. Nd2 Nf5 41. Ne4 Nxh4 42. Bd2 Nf5 43. a5 Ng7 44. axb6 axb6 45. f4 Kf5 46.
fxe5 Kxe5 47. Kf3 Ne6 48. Be1 Kf5 49. Bg3 Bxg5 50. Bb8 Bd8 51. Nd6+ Kf6 52. Nc8
g5 53. Ba7 Nf4 54. Bxb6 Bxb6 55. Nxb6 Nxd3 56. Nd5+ Ke6 57. Ke4 Ne5 58. Nc7+
Kd7 59. Nd5 Nxc4 60. Nf6+ Ke6 61. Nxh5 Nb6 62. Ng7+ Kf6 63. Nf5 g4 64. Ng3 Kg5
65. Kd3 Kf4 66. Ne4 g3 67. Nxc5 g2 68. Ne6+ Kg4 69. Nxd4 g1=Q 70. Nc6 Qc5 71.
Nd4 Nd5 0-1

[Event "Open A"]
[Site "?"]
[Date "2008.08.29"]
[Round "8.42"]
[White "Sedivy, O."]
[Black "Rmoutil, M."]
[Result "0-1"]
[WhiteElo "1638"]
[BlackElo "1988"]
[PlyCount "86"]
[EventDate "2008.??.??"]
[SourceDate "2008.08.29"]

1. c4 Nf6 2. Nc3 e6 3. e4 d6 4. d4 Be7 5. Nf3 O-O 6. Be2 c5 7. d5 e5 8. O-O Ne8
9. Ne1 f5 10. f4 exf4 11. Bxf4 Bf6 12. exf5 Bxf5 13. Bd3 Bd4+ 14. Kh1 Nd7 15.
Qe2 Qf6 16. Bxf5 Qxf5 17. Nc2 Be5 18. Bxe5 Qxe5 19. Rae1 Qxe2 20. Rxf8+ Kxf8
21. Rxe2 Ne5 22. b3 a6 23. Ne4 Ke7 24. Nxc5 b5 25. Nd3 bxc4 26. bxc4 Kf6 27.
Nxe5 dxe5 28. Rf2+ Ke7 29. Rf5 Kd6 30. Ne3 Rb8 31. Kg1 Nf6 32. h3 Rb7 33. Rf2
Kc5 34. Rd2 Ne4 35. Rd1 Nc3 36. Rd2 Rb1+ 37. Kh2 Ne4 38. Rd3 a5 39. a3 Nf2 40.
Rd2 Rh1+ 41. Kg3 Ne4+ 42. Kg4 Nxd2 43. Nf5 g6 0-1

[Event "Open A"]
[Site "?"]
[Date "2008.??.??"]
[Round "8.43"]
[White "Machalik, M."]
[Black "Havlicek, P."]
[Result "1-0"]
[WhiteElo "1877"]
[BlackElo "1601"]
[PlyCount "81"]
[EventDate "2008.??.??"]

1. e4 e5 2. Nc3 Nf6 3. Bc4 Nc6 4. d3 Be7 5. f4 d6 6. Nf3 Be6 7. Bxe6 fxe6 8.
fxe5 dxe5 9. Be3 O-O 10. Qd2 Ng4 11. O-O Nxe3 12. Qxe3 b6 13. Kh1 Nd4 14. Qd2
Nxf3 15. Rxf3 Rxf3 16. gxf3 Bg5 17. Qg2 a6 18. Rg1 Bh6 19. Ne2 Qf6 20. Ng3 Rf8
21. Rf1 Qh4 22. Ne2 Rf6 23. Qg3 Qh5 24. Qf2 Qg5 25. Nc3 Qh5 26. Nd1 Bf4 27. Ne3
Qg5 28. Ng2 a5 29. Nxf4 exf4 30. d4 e5 31. c3 Kf7 32. Qe2 Rg6 33. Qf2 Rd6 34.
Rg1 Qh5 35. d5 Qh3 36. Qg2 Qxg2+ 37. Rxg2 b5 38. Rg5 c6 39. Rxe5 cxd5 40. Rxd5
Rxd5 41. exd5 1-0

[Event "Open B"]
[Site "?"]
[Date "2008.08.29"]
[Round "8.1"]
[White "Kalvach, L."]
[Black "Rut, V."]
[Result "0-1"]
[WhiteElo "1863"]
[BlackElo "1679"]
[Annotator "Øeøábek,Jaroslav"]
[PlyCount "54"]
[EventDate "2008.??.??"]

1. e4 g6 2. d4 Bg7 3. Nc3 c6 4. Be2 d6 5. h3 Nd7 6. a4 Ngf6 7. f4 e5 8. Nf3
exd4 9. Nxd4 Nc5 10. Bf3 O-O 11. O-O Qb6 12. Kh1 Nfxe4 13. a5 Qb4 14. Nxe4 Nxe4
15. c3 Ng3+ 16. Kg1 Qc5 17. Re1 Nf5 18. Be3 Nxe3 19. Rxe3 d5 20. Qd2 Qd6 21.
Ne2 f5 22. h4 Bd7 23. Rd1 Qc7 24. b4 Rfd8 25. g3 b6 26. axb6 axb6 27. b5 cxb5 {
Dale necitelne} 0-1

[Event "OPEN B"]
[Site "?"]
[Date "2008.08.29"]
[Round "8.2"]
[White "Klima, J."]
[Black "Hrdina, R."]
[Result "1-0"]
[WhiteElo "1667"]
[BlackElo "1624"]
[PlyCount "41"]
[EventDate "2008.08.23"]
[SourceDate "2008.08.29"]

1. e4 d5 2. exd5 Nf6 3. d4 Nxd5 4. c4 Nb6 5. Nf3 g6 6. Be3 Bg7 7. Be2 O-O 8.
O-O Bf5 9. Nc3 Nc6 10. Qd2 Re8 11. a3 Na5 12. Bh6 Nb3 13. Qf4 Nxa1 14. Rxa1 Bh8
15. g4 e5 16. dxe5 Be6 17. Bg5 Qc8 18. Ne4 Nd7 19. Rd1 Bxe5 20. Nxe5 Nxe5 21.
Nf6+ 1-0

[Event "Open B"]
[Site "?"]
[Date "2008.??.??"]
[Round "8.3"]
[White "Rubes, Z."]
[Black "Rihova, K."]
[Result "1/2-1/2"]
[WhiteElo "1757"]
[BlackElo "1649"]
[PlyCount "71"]
[EventDate "2008.??.??"]

1. d4 d5 2. Nf3 Bf5 3. c4 c6 4. Nc3 e6 5. e3 Nd7 6. Bd3 Bxd3 7. Qxd3 Ngf6 8.
O-O Be7 9. Re1 O-O 10. e4 Bb4 11. e5 Ne4 12. Nxe4 dxe4 13. Rxe4 Nc5 14. Qe2
Nxe4 15. Qxe4 f6 16. a3 Ba5 17. b4 Bc7 18. Bb2 Qe7 19. exf6 Qxf6 20. Re1 Rae8
21. Qc2 Qf5 22. Qc3 Qg6 23. a4 a6 24. b5 axb5 25. cxb5 cxb5 26. Qxc7 Rxf3 27.
Qxb7 Rb3 28. Bc1 bxa4 29. Qa6 Rb4 30. Be3 Reb8 31. h3 Qe4 32. Kh2 h6 33. Bd2
Qxd4 34. Qxe6+ Kh7 35. Bxb4 Qxb4 36. Qe3 1/2-1/2